000 00508nam a2200181Ia 4500
003 IN-BaIIA
008 211028s9999 xx 000 0 eng d
040 _cIIA Library
080 _a658.31
_bRAD
100 _aRadhakrishna Iyer, V
_97316
245 4 _aThe Central sales tax act
_bvol. 4
_cV. Radhakrihsna Iyer
250 _a4th ed.
260 _aMadras
_bThe Little Flower And Company
_c1968
300 _a199p.
650 _aCentral Government Rules
_97081
650 _aOthers Thesaurus
_9637
942 _cBK
999 _c4154
_d4154